Hard Quiz (Possible) - Statistics

General Stats
  • This quiz has been taken 33 times
  • The average score is 5 of 14
Answer Stats
Difficult Questions Answers % Correct
1+1=_____ 11 | Window
73%
What is the shortest month February
73%
What is the shortest month? May
73%
David’s parents have three sons: Snap, Crackle, and what’s the name of the third son? David
62%
What invention lets you look right through a wall? A Window
50%
A man outside in the rain without an umbrella and hat didn't get his hair wet. How? He was bald | Bald
46%
What is soooo fragile that even saying its name breaks it? Silence
38%
If you drop me I’m sure to crack, but give me a smile and I’ll always smile back. What am I? A Mirror
31%
I’m tall when I’m young, and I’m short when I’m old. What am I? A Candle
27%
What kind of band never plays music? A rubber band
27%
What thing can you break without touching it or picking it up? A Promise
15%
What has many teeth, but can’t bite? A Comb
12%
Why should you never be on the plane? Because you will ______ fall off
12%
What has a bottom at the top? Legs | Your Legs
4%
No matching quizzes found
Score Distribution
Percent of People with Each Score
Percentile by Number Answered
Your Score History
You have not taken this quiz